000 00489nam a2200193Ia 4500
003 GCL
008 140319s9999 xx 000 0 eng d
040 _aGCL /
_cGCL
082 0 4 _a822
_bM M
100 1 _aMILLER, R.D
245 1 0 _aTHE MEANING OF GOETHE'S ( FAUST ) /
_cMILLER, R.D
260 _a[S.N] :
_bW HEFFER AND SONS LTD ،
_c1939
300 _a146 P
650 0 4 _aENGLISH LITERATURE
650 0 4 _aLITERATURE
650 0 4 _aDRAMA
650 0 4 _aENGLISH DRAMA
942 _2ddc
_cBK
999 _c16552
_d16552